Eutanázia ako spoločenský problém z hľadiska sociálnej práce
Príspevok sa zaoberá problematikou eutanázie z hľadiska sociálnej práce. Cieľom príspevku je priblíženie problematiky eutanázia v kontexte súčasného stavu riešenej problematiky doma a v zahraničí, pričom sa venuje jej celkovej charakteristike, druhom a názorovosti z hľadiska legalizácie v Európskej...
Na minha lista:
| Autor principal: | |
|---|---|
| Formato: | Capítulo de Livro |
| Idioma: | eslovaco |
| Assuntos: | |
| Tags: |
Sem tags, seja o primeiro a adicionar uma tag!
|
MARC
| LEADER | 00000naa a2200000 4500 | ||
|---|---|---|---|
| 001 | 0315238 | ||
| 005 | 20260303113558.5 | ||
| 041 | 0 | |a slo | |
| 044 | |a SK | ||
| 245 | 1 | 0 | |a Eutanázia ako spoločenský problém z hľadiska sociálnej práce |c Erich Schlesinger |
| 520 | |a Príspevok sa zaoberá problematikou eutanázie z hľadiska sociálnej práce. Cieľom príspevku je priblíženie problematiky eutanázia v kontexte súčasného stavu riešenej problematiky doma a v zahraničí, pričom sa venuje jej celkovej charakteristike, druhom a názorovosti z hľadiska legalizácie v Európskej únií. V neposlednom rade je dôraz kladený na paliatívnu starostlivosť o chorého pacienta a úlohy sociálneho pracovníka v nej. | ||
| 610 | 2 | 0 | |a legalizácia |
| 610 | 2 | 0 | |a pacienti |
| 610 | 2 | 0 | |a pracovníci sociálni |
| 100 | 1 | |a Schlesinger, Erich, 1995- | |